The making of a saint : the life, times and sanctification of Neophytos the Recluse

Αποθηκεύτηκε σε:
Λεπτομέρειες βιβλιογραφικής εγγραφής
Κύριος συγγραφέας: Galatariotou, Catia
Μορφή: Βιβλίο
Γλώσσα:English
Δημοσίευση: Cambridge : Cambridge University Press, 1991.
Θέματα:
Ετικέτες: Προσθήκη ετικέτας
Δεν υπάρχουν, Καταχωρήστε ετικέτα πρώτοι!

MARC

LEADER 00000cam a2200000 i 4500
001 1/97339
008 950214s1991 enk| ||| |||| ||eng||
020 |a 0521390354 
035 |l 10010520 
040 |a GR-MyUA  |b gre  |e AACR2 
041 0 |a eng 
082 7 |a 281.9092   |2 (22) 
100 1 |a Galatariotou, Catia. 
245 1 4 |a The making of a saint :   |b the life, times and sanctification of Neophytos the Recluse /   |c Catia Galatariotou. 
260 |a Cambridge :   |b Cambridge University Press,   |c 1991. 
300 |a xvi, 310 σ. ;   |c 25 εκ. 
504 |a Περιλαμβάνει βιβλιογραφικές παραπομπές και ευρετήριο. 
600 0 0 |a Νεόφυτος ο Έγκλειστος,   |c Όσιος,   |d 1134-1219. 
610 2 0 |a Orthodox Eastern Church  |x Doctrines  |x History. 
650 0 |a Sanctification  |x Orthodox Eastern Church  |x History of doctrines  |y Middle Ages, 600-1500. 
650 0 |a Christian saints  |z Cyprus  |x Biography. 
650 0 |a Recluses  |z Cyprus  |x Biography. 
651 0 |a Byzantine Empire  |x Social conditions. 
651 0 |a Cyprus  |x Church history. 
852 |a INST  |b LESVOS  |e 19950214  |h 281.9092 GAL  |p 005100003100  |q 005100003100  |t BK  |y 0